=LDR 00000nam 2200000 4500 =001 NUTBA000000000000936 =005 20140407115023.0 =006 =007 =008 =035 ##$$a 0010-041400000000206 =082 ##$$a 813 =090 ##$$a 813$bpro p =245 ##$$a prolog =260 ##$$a [S.l}$b[s.n]$c[s.a] =300 ##$$a 388 hlm$c20 cm. =650 ##$$a Sastra$xIndonesia =850 ##$$a NBPNMAT =990 ##$$a 00088526